00766 a2200217 450000500170000000800410001702000150005804000510007304100080012410000270013224501070015926000420026630000420030849000160035065000250036665000360039165000360042770000310046370000230049476500310051720180312141957.0140303s1994 sp a gr|||| 000 j spa d a8448010094 aCO-BoUCMbspacJose A. GerenadDiana Londoño aspa1 aSolé Vendrell, Carme10aNina y Tinabvan al bosquecCarme Solé Vendrell, Mateu, Françoise ; traducción de Maruchy Friart c1994aBarcelona (España)bTimun mas a[29] páginasbilustraciones a color aNina y Tina 7aLiteratura infantil  7aLiteratura infantil española  7aCuentos ilustrados para niños1 aFriart, Maruchyetraductor1 aMateu, Françoise tNina et Tina dans les bois